IIHF Ice Hockey World Championship Medalists - Statistics

General Stats
  • This quiz has been taken 811 times
    662 since last reset
  • The average score is 238 of 258
Answer Stats
Year Team % Correct
1920 | 1924 | 1928 | +44 others Canada
100%
1956 | 1995 | 2019 | +3 others Canada
100%
1928 | 1947 | 1951 | +44 others Sweden
99%
1920 | 1924 | 1931 | +17 others United States
99%
1992 | 1994 | 1995 | +13 others Finland
98%
1930 | 1932 | 1934 | 2023 Germany
97%
1993 | 2002 | 2005 | +10 others Russia
97%
1993 | 1996 | 1997 | +10 others Czech Republic
96%
2000 | 2002 | 2003 | 2012 Slovakia
91%
1928 | 1930 | 1935 | +8 others Switzerland
90%
1954 | 1955 | 1956 | +31 others Soviet Union
88%
1924 | 1935 | 1936 | +2 others Great Britain
87%
2023 Latvia
85%
1920 | 1933 | 1938 | +31 others Czechoslovakia
71%
1931 | 1947 Austria
65%
1953 West Germany
28%
No matching quizzes found
Score Distribution
Percent of People with Each Score
Percentile by Number Answered
Your Score History
You have not taken this quiz since the last reset